000
00328 a2200157 4500
001
71705
020
_a
8524910755
040
_c
Anchieta - Colégio São Paulo
100
_a
Galdino, Luiz
240
1
0
_a
Popul Vuh
_l
por
245
1
0
_a
Popul Vuh
300
_a
63
362
0
_a
2005
650
4
_a
Literatura juvenil
942
_c
BK
999
_c
71705
_d
71705